1221 1606 1329 1340 1187 1747 1943 1863 1039 1655 1073 1765 1912 1095 1685 1192 1119 1868 1614 1161 1843 1749 1804 1712 1208 1628 1187 1320 1546 1828 1052 1136 1819 1620 1213 1234 1690 1841 1596 1336 1919 1085 1356 1204 1822 1133 1052 1045 1274 1303 1447 1543 1522 1630 1937 1922 1930 1961 1413 1188 1198 1109 1592 1121 1822 1353 1963 1405 1279 1602 1001 1070 1531 1217 1197 1179 1729 1645 1444 1186 1191 1535 1435 1639 1976 1930 1764 1908 1031 1238 1532 1623 1707 1581 1034 1418 1305 1379 1893 BCNSPRNW ULIB Ver.6.0+V

เปลี่ยนเป็นภาษาไทย

Change to English
 แสดงรายละเอียดบรรณานุกรม
  กลับหน้าหลัก

Brief Record : Get Marc (ISO 2709) : E-mail record : QR code < ปิดหน้าต่าง
LEADER : 00000nam 2200000uu 4500
001    13399122417
003     ULIB
008    020711s2551 th a 000 0 tha d
020    9742466378
020    9789742466374
090    นว.^bส988ว
100    โสพี พรรณราย
245    วิวาห์สลับรัก/^cโสพี พรรณราย
250    พิมพ์ครั้งที่ 1
260    กรุงเทพฯ :^bรวมสาส์น,^c2545
300    428 หน้า
945    ^p350^l0^i019589
999    ^aทศพร เกษรทอง
รายการนี้ยังไม่มีแท็ก
คุณยังไม่ได้ล็อกอิน คุณสามารถมีกิจกรรมร่วมกับเว็บไซต์ได้ แต่ต้องล็อกอินก่อน ::
  ล็อกอิน

รายการสื่อสารสนเทศ

ลำดับที่ ประเภท เลขเรียก/บาร์โค้ด สถานที่ สถานะ
1. นวนิยาย
นวนิยาย
นว. ส988ว ฉ.1 
  Barcode: 019589
ห้องสมุดวิทยาเขตสวรรค์ประชารักษ์
►นวนิยาย
บนชั้น
  ขอยืม

BibComment


ยังไม่เคยถูกคอมเมนท์

คอมเมนท์ทรัพยากรรายการนี้
  คอมเมนท์: วิวาห์สลับรัก โสพ..


 Copyright 2026. Bcnsprnw @Library